| 000 | 01442 a2200253 4500 | ||
|---|---|---|---|
| 005 | 20080911154617.0 | ||
| 008 | 080911t xxu||||| |||| 00| 0 hin d | ||
| 010 | _aHIN-80628 | ||
| 020 |
_c85.00 _a9788189424176 |
||
| 035 | _aHN-52974 | ||
| 037 | _bD.B.Act / pub | ||
| 082 | _aउ | ||
| 100 | _aचट्टोपाध्याय, शरतचन्द्र | ||
| 245 |
_aशुभदाः बड़ी दीदी _cशरतचन्द्र चट्टोपाध्याय;संपादक ओमप्रकाश शर्मा |
||
| 246 |
_aShubhada&Bari Deedee _bby Sharat Chandra Chattopadhyay;Ed by Omprakash Sharma |
||
| 260 |
_aजयपुर _bसाहित्य चन्द्रिका प्रकाशन _c2007 |
||
| 270 |
_a24,न्यू पिंकसिटी मार्केट, सिद्धेश्वर मंदिर के पीछे, पंचवटी,राजापार्क _bजयपुर |
||
| 300 |
_a148,43पृ _c22सेमी (अजिल्द) |
||
| 490 | _a(शरत साहित्य) | ||
| 500 | _aदो उपन्यास | ||
| 700 | _aशर्मा, ओमप्रकाश | ||
| 942 |
_adpl _cHN _kउ / चट्टोपा _2ddc _hउ _mचट्टोपा |
||
| 999 |
_c6502 _d6502 |
||